Central Library and Information Centre
Sibsagar Girls' College, Sivasagar : Assam

MODERN APPROACH TO BIOLOGY (P-2) (Record no. 22013)

MARC details
000 -LEADER
fixed length control field 00416cam a2200169ua 4500
008 - FIXED-LENGTH DATA ELEMENTS--GENERAL INFORMATION
fixed length control field 160308n1994 II |||gr||||Z||||||eng
040 ## - CATALOGING SOURCE
Original cataloging agency MAIN
041 ## - LANGUAGE CODE
-- English
082 ## - DEWEY DECIMAL CLASSIFICATION NUMBER
Classification number 580 BHA
245 ## - TITLE STATEMENT
Title MODERN APPROACH TO BIOLOGY (P-2)
260 ## - PUBLICATION, DISTRIBUTION, ETC.
Place of publication, distribution, etc. NEW DELHI
Name of publisher, distributor, etc. KALYANI PUBLISHERS
Date of publication, distribution, etc. 1994
300 ## - PHYSICAL DESCRIPTION
Extent 526:
Dimensions 20CM.
500 ## - GENERAL NOTE
General note GIFT BY D. BHARALI
700 ## - ADDED ENTRY--PERSONAL NAME
Personal name BHATTACHARYYA,
Relator term AUTHOR.
942 ## - ADDED ENTRY ELEMENTS (KOHA)
Koha item type Books
Holdings
Withdrawn status Lost status Damaged status Not for loan Collection code Home library Current library Shelving location Date acquired Full call number Barcode Date last seen Copy number Price effective from Koha item type
        TBBOT Central Library and Information Centre Sibsagar Girls College Central Library and Information Centre Sibsagar Girls College Botany Rack 18.03.1987 580 BHA 09201 27.02.2020 1 27.02.2020 Books


Sibsagar Girl's College © 2020. All rights reserved.
Powered by Koha.
Maintained by Abhijit Borpuzari.